El sótano (Registro nro. 23145)

Detalles MARC
000 -CABECERA
Longitud fija campo de control 00705nam a2200229 4500
001 - NÚMERO DE CONTROL
Número de control bimo0000169189
003 - IDENTIFICADOR DELl NÚMERO DE CONTROL
Identificador del número de control OSt
005 - FECHA Y HORA DE LA ÚLTIMA TRANSACCIÓN
Fecha y hora de la última transacción 20151022162302.0
008 - CÓDIGOS DE INFORMACIÓN DE LONGITUD FIJA
Códigos de información de longitud fija 851128s1984 sp 0000 spa
020 ## - NÚMERO INTERNACIONAL NORMALIZADO PARA LIBROS
Número Internacional Normalizado para Libros (ISBN) 84-339-3053-2
040 ## - FUENTE DE LA CATALOGACIÓN
Centro transcriptor BMC
082 ## - NÚMERO DE LA CLASIFICACIÓN DECIMAL DEWEY
Númeroo de clasificación 928.436
100 1# - PUNTO DE ACCESO PRINCIPAL-NOMBRE DE PERSONA
Nombre de persona Bernhard, Thomas
Fechas asociadas al nombre 1931-1989
9 (RLIN) 36711
245 13 - MENCIÓN DE TÍTULO
Título El sótano
Resto del título : un alejamiento
Mención de responsabilidad, etc. Thomas Bernhard; traducción, Miguel Sáenz
260 ## - PUBLICACIÓN, DISTRIBUCIÓN, ETC. (PIE DE IMPRENTA)
Lugar de publicación, distribución, etc. Barcelona
Nombre del editor, distribuidor, etc. Anagrama
Fecha de publicación, distribución, etc. D.L. 1984
300 ## - DESCRIPCIÓN FÍSICA
Extensión 143 p.
Dimensiones 20 cm.
490 0# - MENCIÓN DE SERIE
Mención de serie Panorama de narrativas
Designación de volumen o secuencia 53
546 ## - NOTA DE LENGUA
Nota de lengua Traducción de: Der Keller, eine entziehung
600 10 - PUNTO DE ACCESO ADICIONAL DE MATERIA - NOMBRE DE PERSONA
9 (RLIN) 36903
Nombre de persona Bernhard, Thomas
Fechas asociadas al nombre 1931-1989
700 1# - PUNTO DE ACCESO ADICIONAL - NOMBRE DE PERSONA
9 (RLIN) 3334
Nombre de persona Sáenz, Miguel
942 ## - ENTRADA DE ELEMENTOS AGREGADOS (KOHA)
Fuente de clasificaión o esquema Dewey Decimal Classification
Koha [por defecto] tipo de item 1- Monografias
Parte de clasificación prozim
Existencias
Suprimido Perdido Fuente de clasificación o esquema Estropeado Restricciones de uso No para préstamo Código de colección Localización permanente Localización actual Localización en estanter&íacute;as Fecha adquisición Fuente de adquisición Número de inventario Préstamos totales Signatura completa Código de barras Fecha última consulta Coste, precio reemplazado Fecha del precio de reemplazo Tipo de item de Koha
NULL NULL Dewey Decimal Classification NULL Prestable NULL NULL Biblioteca Miguel de Cervantes - UNICAES Biblioteca Miguel de Cervantes - UNICAES Sala Principal 31/08/2015 Donación - ADESH 030707   928.436 BER sot 1034736 23/10/2015 10.00 23/10/2015 1- Monografias